| 000 | 00742nam a22002537i 4500 | ||
|---|---|---|---|
| 003 | URS | ||
| 005 | 20230817141504.0 | ||
| 008 | 160516s1983 ph ||||| |||| 00| 0 eng d | ||
| 040 | _cURS | ||
| 050 | 0 | 0 |
_aLB15 _b.G862 1983 |
| 100 | 1 |
_aGregorio, Herman C. Ph.D. _eauthor |
|
| 245 | 1 | 0 |
_aPrinciples and practices of college teaching / _cHerman C. Gregorio, Ph.D. |
| 250 | _aRev ed. | ||
| 264 | 1 |
_aPhilippines _bR.P. Garcia Publishing Inc. _c[date of publication not identified]. |
|
| 264 | 4 | _c©1983. | |
| 300 |
_a340 p. _bill.; 21 cm. |
||
| 336 |
_atext _btxt _2rdacontent |
||
| 337 |
_aunmediated _bn _2rdamedia |
||
| 338 |
_avolume _bnc _2rdacarrier |
||
| 650 | 0 | _aEnglish | |
| 650 | 0 | _aTeaching | |
| 650 | 0 | _aEducation | |
| 942 |
_cR _2lcc |
||
| 999 |
_c72707 _d72706 |
||